| 000 | 00824nam a22002655i 4500 | ||
|---|---|---|---|
| 999 |
_c173119 _d173119 |
||
| 001 | 18798106 | ||
| 003 | Nust | ||
| 005 | 20170118152840.0 | ||
| 008 | 150929s2011 nyu 001 1 eng | ||
| 010 | _a 2015373557 | ||
| 020 | _a9780141023540 | ||
| 040 |
_aDLC _beng _erda _cDLC |
||
| 042 | _apcc | ||
| 082 |
_a823.8 _bBRO |
||
| 100 | 1 | _aBrontë, Emily. | |
| 245 | 1 | 0 |
_aWuthering Heights : _ba guide to the novel / _cby Emily Brontë. |
| 264 | 1 |
_aNew York : _bKaplan Publishing, _c2006 |
|
| 300 |
_a394 pages ; _c17 cm. |
||
| 336 |
_atext _btxt _2rdacontent |
||
| 337 |
_aunmediated _bn _2rdamedia |
||
| 338 |
_avolume _bnc _2rdacarrier |
||
| 490 | 0 | _aKaplan SAT score-raising classic series | |
| 500 | _aIncludes index. | ||
| 906 |
_a0 _bibc _corignew _d2 _encip _f20 _gy-gencatlg |
||
| 942 |
_2ddc _cBK |
||